00254nam a2200085Ia 4500008004100000041000800041100002000049245005700069260004200126231107s2005 xx 000 0 und d aeng aDwivedi Sharada aA City Legacy : The Indian Navy,s Heritage in Mumbai aMumbaibEminence Design Limitedc2005